| 000 | 01273nam a22003737a 4500 | ||
|---|---|---|---|
| 003 | CHAP | ||
| 005 | 20220329133424.0 | ||
| 008 | 971013s1983 r 00010 d | ||
| 010 | _a6202 | ||
| 011 | _a7174 | ||
| 035 | _a6397 | ||
| 040 | _cCHAP | ||
| 090 | _aTesis | ||
| 100 | 0 | 0 |
_aRamírez Pérez, Filemón. _994186 |
| 245 | _aEvaluación de índices de eficiencia como sustitutos del índice de cosecha en maíz (Zea mays L.) | ||
| 260 |
_aChapingo, Méx. : _bEl autor, _c1983 |
||
| 300 | _a43 h. | ||
| 500 | _a61-93 | ||
| 502 | _aTesis (Ing. Agr. Esp. en Fitotecnia) -- UACH. Departamento de Fitotecnia | ||
| 590 |
_aALEPH _b10 _c20130110 _lUCH01 _h1217 |
||
| 590 |
_aBATCH-UPD _b10 _c20130110 _lUCH01 _h1718 |
||
| 590 |
_aBATCH-UPD _b10 _c20130410 _lUCH01 _h1103 |
||
| 590 |
_aBATCH-UPD _b10 _c20130914 _lUCH01 _h1748 |
||
| 590 |
_aCONVERSION _b10 _c20130109 _lUCH01 _h1304 |
||
| 650 | 1 | 4 |
_aMaíz _xGenética. _970963 |
| 650 | 1 | 4 |
_aMaíz _xMejoramiento. _971006 |
| 650 | 1 | 4 |
_aMaíz _xRendimiento. _971051 |
| 901 | _aBK | ||
| 942 | _cFOLL | ||
| 949 |
_bBC _cTES _d-15998 _eTS1 _h25504 _i6397 _si |
||
| 949 |
_bBC _cTES _d-80605 _eTS2 _fc.2 _h25505 _i6397 _si |
||
| 949 |
_bBC _cTES _d-80607 _eTS2 _fc.4 _h25405 _i6397 _si |
||
| 949 |
_bBC _cTES _d33724000909156 _eTS2 _fc.3 _h21789 _i6397 _si |
||
| 999 |
_c6202 _d6202 |
||